Campeones de la Copa Intercontinental - ¡Muerte súbita! - Estadísticas

Estadísticas generales
  • Esta prueba ha sido intentada 2.250 veces
  • La puntuación promedio es 5 de 25
Answers on the Grid
Answers color-coded by a green-red scale on the quiz's grid according to % correct below.
Real Madrid C. F.
Peñarol
Santos
F. C. Internazionale
Racing Club
Estudiantes de La Plata
Milan A. C.
S. C. Feijenoord
Nacional
A. F. C. Ajax
Independiente
Atlético de Madrid
Bayern de Múnich
Boca Juniors
Olimpia
Flamengo
Grêmio
Juventus F. C.
River Plate
F. C. Porto
Estrella Roja de Belgrado
São Paulo
Vélez Sarsfield
Borussia Dortmund
Manchester United F. C.
Celtic F. C.
P. A. E. Panathinaikós
Borussia Mönchengladbach
Malmö F. F.
Nottingham Forest F. C.
Liverpool F. C.
Aston Villa F. C.
Hamburgo S. V.
Argentinos Juniors
F. C. Steaua Bucarest
P. S. V. Eindhoven
Atlético Nacional
Colo-Colo
F. C. Barcelona
Palmeiras
Vasco da Gama
Cruzeiro
 
Estadísticas de respuestas
Respuesta % Correcto
Real Madrid C. F.
40%
Boca Juniors
36%
Bayern de Múnich
33%
Milan A. C.
29%
River Plate
27%
Manchester United F. C.
26%
Atlético de Madrid
24%
Juventus F. C.
24%
Peñarol
24%
F. C. Internazionale
22%
A. F. C. Ajax
21%
Independiente
21%
Estudiantes de La Plata
20%
Racing Club
20%
Santos
20%
São Paulo
19%
Vélez Sarsfield
19%
Nacional
17%
Flamengo
16%
F. C. Porto
15%
Borussia Dortmund
12%
Olimpia
12%
Grêmio
11%
Estrella Roja de Belgrado
9%
S. C. Feijenoord
6%
No se encontraron pruebas coincidentes
Distribución de puntuación
Porcentaje de gente con cada puntuación
Porcentaje por número respondido
Historial de tus puntuaciones
No has intentado esta prueba.